书目信息 |
| 题名: |
十大文豪
|
|
| 作者: | 王波 主编 | |
| 分册: | ||
| 出版信息: | 喀什市 喀什维吾尔文出版社 2004.04 |
|
| 页数: | 290页 | |
| 开本: | 20cm | |
| 丛书名: | 世界名人百传 | |
| 单 册: | ||
| 中图分类: | K815.56 | |
| 科图分类: | ||
| 主题词: | 传记 | |
| 电子资源: | ||
| ISBN: | 7-5373-0984-1 | |
| 000 | 00556nam0 2200205 450 | |
| 001 | 0756839265 | |
| 005 | 20070405155841.56 | |
| 010 | @a7-5373-0984-1@dCNY28.00 | |
| 100 | @a20070405d2004 km y0chiy0120 ea | |
| 101 | 0 | @achi |
| 200 | 1 | @a十大文豪@Ashi da wen hao@f王波主编@Fwang bo zhu bian |
| 210 | @a喀什市@c喀什维吾尔文出版社@d2004.04 | |
| 215 | @a290页@d20cm | |
| 225 | 2 | @a世界名人百传 |
| 410 | 0 | @12001 @a世界名人百传 |
| 606 | 0 | @a传记 |
| 690 | @aK815.56@v3 | |
| 701 | 0 | @a王波@Awang bo@4主编 |
| 801 | 0 | @aCN@c20070405 |
| 905 | @a10447@dK815.56@eW116 | |
| 十大文豪/王波主编.-喀什市:喀什维吾尔文出版社,2004.04 |
| 290页;20cm.-(世界名人百传) |
| ISBN 7-5373-0984-1:CNY28.00 |
| ● |
| 相关链接 |
|
|
|
正题名:十大文豪
索取号:K815.56/W116
 
预约/预借
| 序号 | 登录号 | 条形码 | 馆藏地/架位号 | 状态 | 备注 |
| 1 | 448604 | 204486047 | 社科库309/309社科库 43排3列4层/ [索取号:K815.56/W116] | 在馆 | |
| 2 | 448605 | 204486056 | 社科库309/309社科库 43排3列4层/ [索取号:K815.56/W116] | 在馆 | |
| 3 | 448606 | 204486065 | 社科库309/309社科库 43排3列4层/ [索取号:K815.56/W116] | 在馆 |